000 00805nam a2200217Ia 4500
001 15368
003 GE_BSU
008 181216s||||||||xx |||||||||||||| ||und||
040 _cGE_BSU
080 _a821.353.1-32
100 _aკლდიაშვილი,დავით
245 _aთხზულებათა სრული კრებული 2 ტომად. ტ.2
245 _cწინას. ავტ. ს.ჭილაია
260 _aთბილისი
260 _bსაბჭოთა მწერალი
260 _c1952
300 _a404გვ.23სმ.
300 _eდავით კლდიაშვილის ლექსიკონი გვ.395-402
653 _aთხზულებათა სრული კრებული
942 _cBK
999 _c48474
_d48474